000 01906cam a22004814i 4500
003 PE-LiUPU
005 20250731173428.0
008 150706s r 000 0 d
020 _a9788588611221
035 _a(Sirsi) i9788588611221
040 _aPE-LiUPU
_bspa
_cPE-LiUPU
_erda
049 _aPRUA
082 0 4 _a299.51
_bK21
_221
100 1 _aKang, C. H. ,
_eautor.
245 1 0 _aDescoberta do Gênesis na lingua chinesa /
_cC. H. Kang e Ethel R. Nelson.
264 1 _aBrasília :
_bSociedade Criacionista Brasileira,
_c2011 .
300 _a113 páginas :
_bilustraciones ;
_c21 cm.
336 _atext
_2rdacontent
337 _aunmediated
_2rdamedia
338 _avolume
_2rdacarrier
505 0 _aSem Nenhuma testemunha -- Intriga imperial na idade escura dos chinés -- Licoes fáceis sobre a construcao de ideogramas -- A Criacao -- Estilo Chinés -- seráo Uma Só Carne -- A tragedia do fruto -- do pó ao pó -- A semente da rebeliao -- Mundo em tormenta -- a torre dos unidos no desfío -- Epílogo Final Feliz.
526 _aSEG42
526 _aSEG41
526 _aSEG40
526 _aSEG39
526 _aP94
526 _aP87
526 _aP86
526 _aP85
526 _aP77
526 _aP76
526 _aP35
630 _aBiblia.
_pA.T.
_PG énesis.
_sVersiones.
650 0 4 _aCreación
650 0 4 _aGénesis
_vMiscelanea.
910 _cng
_d20130424
942 _2ddc
_cBOOK
949 _a299.51 K21
_wDEWEY
_c1
_i67027
_lCCODEBUL1
_mBUL
_p16.00
_r0
_sY
_tBOOK
_u2015-7-6
_xBIBLIOTECA
_zUNKNOWN
_o.STAFF. Colección General
994 _aC0
_bPEPRU
596 _a1
999 _a299.51 K21
_wDEWEY
_c54733
_i67027
_f2021-11-11
_g5
_lCCODEBUL1
_mBUL
_p16.00
_r0
_sY
_tBOOK
_u2015-7-6
_xTEOLOGIA
_zUNKNOWN
_0COMPRA
_o.STAFF. Colección General
_d54733
980 _81
_gALBERTO SANCHEZ Responsable de Automatización